Influence of Cross Linking & Chain Extension in Castor Oil/HTPB Pre-Polymer on Mechanical Properties of Cast/Cured PBX Compositeswith CD (MS-CHE-2008) (Record no. 561106)
[ view plain ]
| 000 -LEADER | |
|---|---|
| fixed length control field | 00421nam a2200121Ia 4500 |
| 005 - DATE AND TIME OF LATEST TRANSACTION | |
| control field | 20210429153913.0 |
| 008 - FIXED-LENGTH DATA ELEMENTS--GENERAL INFORMATION | |
| fixed length control field | 210429s9999 xx 000 0 und d |
| 082 ## - DEWEY DECIMAL CLASSIFICATION NUMBER | |
| Classification number | 660 A2861I |
| 100 ## - MAIN ENTRY--PERSONAL NAME | |
| Personal name | Ahmad Nadeem |
| 9 (RLIN) | 35547 |
| 245 ## - TITLE STATEMENT | |
| Title | Influence of Cross Linking & Chain Extension in Castor Oil/HTPB Pre-Polymer on Mechanical Properties of Cast/Cured PBX Compositeswith CD (MS-CHE-2008) |
| 300 ## - PHYSICAL DESCRIPTION | |
| Extent | 115p.29cm. |
| 942 ## - ADDED ENTRY ELEMENTS (KOHA) | |
| Source of classification or shelving scheme | |
| Koha item type | |
| Withdrawn status | Lost status | Damaged status | Not for loan | Permanent Location | Current Location | Date acquired | Total Checkouts | Full call number | Barcode | Date last seen | Price effective from | Koha item type |
|---|---|---|---|---|---|---|---|---|---|---|---|---|
| School of Chemical & Materials Engineering (SCME) | School of Chemical & Materials Engineering (SCME) | 11/16/2011 | 660 A2861I | SCME- TH--118 | 04/29/2021 | 04/29/2021 |
